000 00387nam a22001337a 4500
020 _qPB.
040 _cFizza Ishaq
082 _a658.15
_bCIA
245 _aThe Certified Internal Auditor: Model Exam Questions 2004 /
250 _a1st Ed.
260 _b The Institute of Internal Auditors Research Foundation,
_c2004.
300 _a150 p, ;
_c10.9 x 8.4 x .4 inches
942 _2ddc
_cBK
999 _c617063
_d617063